| 000 | 00961nam a22003137a 4500 | ||
|---|---|---|---|
| 005 | 20260310141717.0 | ||
| 008 | 260310b |||||||| |||| 00| 0 eng d | ||
| 020 | _a9780198806851 | ||
| 037 | _cTB | ||
| 040 |
_aLCT _cLCT |
||
| 041 |
_2eng _aeng _heng |
||
| 084 | _aZ2,9298 Q4 | ||
| 100 |
_aWade, William _91131544 |
||
| 245 | _aWade & Forsyth's Administrative Law | ||
| 250 | _a12th ed. | ||
| 260 |
_aLondon, United Kingdom: _bOxford University Press, _c2014 |
||
| 300 | _alxxxviii, 820p. | ||
| 365 |
_b53.99 _cGBP (£) |
||
| 650 | _a Law | ||
| 650 | _aAdministrative Law | ||
| 650 | _aNatural Justice | ||
| 650 | _aConstitutional Law | ||
| 650 |
_aJudicial review _9439791 |
||
| 650 |
_aJudicial remedies _9755444 |
||
| 650 |
_aPublic Corporations _9755445 |
||
| 700 | _aForsyth, Christopher | ||
| 700 |
_aGhosh, Julian _91104588 |
||
| 942 |
_2CC _cTB _hZ2,9298 Q4 _n0 |
||
| 999 |
_c1715039 _d1715039 |
||